[Event "Toronto Bayview Games Club #102"]
[Site "Toronto"]
[Date "2007.03.19"]
[Round "7"]
[White "Verde, Pino"]
[Black "Petrean, Alex"]
[Result "1-0"]
[WhiteElo "1773"]
[BlackElo "1525"]
[PlyCount "59"]
[EventDate "2007.02.05"]
[EventType "tourn"]
[EventRounds "9"]
[EventCountry "CAN"]
[SourceTitle "EXT 2022"]
[Source "ChessBase"]
[SourceDate "2021.10.06"]
[SourceVersion "1"]
[SourceVersionDate "2021.10.06"]
[SourceQuality "1"]

1. e4 c5 2. Nf3 d6 3. d4 cxd4 4. Nxd4 Nf6 5. Nc3 e5 6. Nf3 a6 7. Bc4 Be7 8. Bb3 Nc6 9. a3 Bg4 10. Qd3 h6 11. 0-0 Bxf3 12. gxf3 Nd4 13. Ba2 Rc8 14. Ne2 Nxe2+ 15. Qxe2 g5 16. Qe3 Nh5 17. Qb3 0-0 18. f4 gxf4 19. Qh3 Bh4 20. Kh1 Rxc2 21. Rg1+ Kh8 22. Rg4 Qc8 23. Qxh4 Rxc1+ 24. Rxc1 Qxc1+ 25. Rg1 Qc2 26. Qxh5 Qxe4+ 27. f3 Qh7 28. Bb1 f5 29. Rg6 Qf7 30. Qxh6+ 1-0